Horizontes 2030 : (Registro nro. 3910)

Detalles MARC
000 -LEADER
fixed length control field 02173nam a2200277Ia 4500
003 - CONTROL NUMBER IDENTIFIER
control field OSt
005 - DATE AND TIME OF LATEST TRANSACTION
control field 20200716164447.0
008 - FIXED-LENGTH DATA ELEMENTS--GENERAL INFORMATION
fixed length control field 191128s2016 cl ad fr 000 0 spa d
040 ## - CATALOGING SOURCE
Original cataloging agency CO-JMCR
Transcribing agency CO-JMCR
041 0# - LANGUAGE CODE
Language code of text/sound track or separate title spa
082 04 - DEWEY DECIMAL CLASSIFICATION NUMBER
Classification number 338.927098 /
Item number H811h
Edition number 23
245 10 - TITLE STATEMENT
Title Horizontes 2030 :
Remainder of title la igualdad en el centro del desarrollo sostenible /
Statement of responsibility, etc. [coordinado por Alicia Bárcena, con la colaboración de Antonio Prado]
260 ## - PUBLICATION, DISTRIBUTION, ETC.
Place of publication, distribution, etc. Santiago :
Name of publisher, distributor, etc. Cepal,
Date of publication, distribution, etc. 2016
300 ## - PHYSICAL DESCRIPTION
Extent 82 páginas :
Other physical details gráficos a color ;
Dimensions 22 cm.
490 0# - SERIES STATEMENT
Series statement Síntesis
500 ## - GENERAL NOTE
General note "Trigésimo sexto período de sesiones de la CEPAL, ciudad de México, 23 a 27 de mayo de 2016"--Portada
504 ## - BIBLIOGRAPHY, ETC. NOTE
Bibliography, etc. note Bibliografía: páginas 79-82
505 0# - FORMATTED CONTENTS NOTE
Formatted contents note El nuevo estilo de desarrollo: la agenda 2030 para el desarrollo sostenible -- Se aceleran los cambios tectónicos de alcance mundial -- Se deteriora el contexto económico internacional -- Se debilita la posición de la región en la economía mundial
520 3# - SUMMARY, ETC.
Summary, etc. En este documento de síntesis, que la Comisión Económica para América Latina y el Caribe (CEPAL) presenta a los Estados miembros en su trigésimo sexto período de sesiones, se complementa analíticamente esa Agenda sobre la base de la perspectiva estructuralista del desarrollo y desde el punto de vista de los países de América Latina y el Caribe. Sus propuestas se centran en la necesidad de impulsar un cambio estructural progresivo que aumente la incorporación de conocimiento en la producción, garantice la inclusión social y combata los efectos negativos del cambio climático. El foco de las reflexiones y propuestas para avanzar hacia un nuevo estilo de desarrollo radica en el impulso a la igualdad y la sostenibilidad ambiental. Contiene información estadística de Colombia y otros paises latinoamericanos en las páginas 19, 36, y 49-55.
650 14 - SUBJECT ADDED ENTRY--TOPICAL TERM
Topical term or geographic name entry element Desarrollo sostenible
Geographic subdivision América Latina
9 (RLIN) 7424
650 14 - SUBJECT ADDED ENTRY--TOPICAL TERM
Topical term or geographic name entry element Desarrollo económico y social
Geographic subdivision América Latina
9 (RLIN) 7425
650 14 - SUBJECT ADDED ENTRY--TOPICAL TERM
Topical term or geographic name entry element Cambios climáticos
Geographic subdivision América Latina
9 (RLIN) 7426
700 1# - ADDED ENTRY--PERSONAL NAME
Personal name Bárcena, Alicia,
Relator term coordinadora
9 (RLIN) 6639
700 1# - ADDED ENTRY--PERSONAL NAME
Personal name Prado, Antonio,
Relator term colaborador
9 (RLIN) 7427
942 ## - ADDED ENTRY ELEMENTS (KOHA)
Source of classification or shelving scheme Dewey Decimal Classification
Koha item type Books
Existencias
Withdrawn status Lost status Source of classification or shelving scheme Damaged status Not for loan Collection code Home library Current library Date acquired Source of acquisition Full call number Barcode Date last seen Copy number Koha item type
    Dewey Decimal Classification     Non-fiction Biblioteca Pública José María del Castillo y Rada Biblioteca Pública José María del Castillo y Rada 12/12/2017 Donación 338.927098 / H811h 201808571 05/16/2024 Ej.1 Books